Statystyki dla Trasa Autobusu 308 Warszawa

Kliknij tutaj aby rozwiązać quiz!

Ogólne statystyki

  • Ten quiz został rozwiązany 7 razy
  • Średni wynik to 8 z 11

Statystyki odpowiedzi

UlicePrzystanki% Poprawnych
WoroniczaMetro Wierzbno
100%
WoroniczaTelewizja Polska
100%
WoroniczaWoronicza
100%
WoroniczaZajezdnia Woronicza
100%
WoroniczaSamochodowa
80%
DomaniewskaDomaniewska Office Park
60%
DomaniewskaPark Postępu
60%
RacjonalizacjiRacjonalizacji
60%
SuwakSuwak
60%
WoroniczaMaklakiewicza
20%
KonstruktorskaOs. Nowy Mokotów
20%

Rozkład punktacji

Percentyl według liczby udzielonych odpowiedzi

Procent ludzi z każdym wynikiem

Twoja historia wyników

Nie rozwiązałeś tego quizu